|
|
|
|
| LEADER |
00000nam0a2200000 4500 |
| 001 |
370838 |
| 005 |
20231102012323.0 |
| 035 |
|
|
|a (RuTPU)RU\TPU\retro\28247
|
| 035 |
|
|
|a RU\TPU\retro\27796
|
| 090 |
|
|
|a 370838
|
| 100 |
|
|
|a 20220808d1978 k y0rusy50 ca
|
| 101 |
0 |
|
|a rus
|
| 102 |
|
|
|a RU
|
| 105 |
|
|
|a a z 001zy
|
| 200 |
1 |
|
|a Кварц песчаных пород
|f И. М. Симанович
|g Академия наук СССР (АН СССР), Геологический институт (ГИН) ; гл. ред. А. В. Пейве
|
| 210 |
|
|
|a Москва
|c Наука
|d 1978
|
| 215 |
|
|
|a 155 с.
|c ил.
|e 16 фототабл.
|
| 225 |
1 |
|
|a Труды геологического института (ГИН)
|v Вып. 314
|
| 320 |
|
|
|a Библиогр.: с. 149-153
|
| 330 |
|
|
|a Цель работы - выяснение роли кварца как индикатора процессов седиментогенеза, а также постседиментационных преобразований осадочных пород. В результате изучения кварца эталонной коллекции образцов впервые получены статистические данные о встречаемости типоморфных признаков в различных генетических типах кварца. Разработана вероятностная полуколичественная методика определения первичных источников сноса обломочного кварца. Получены первые сведения о генетическом составе обломочного кварца кварцевых песчаных пород. Выявлена общая стадиальная направленность преобразования обломочного материала и структур кварцевых песчаных пород. Установлено и интерпретировано явление метаморфизма обломочного кварца. Изучена стадиальная эволюция пластической деформации и дофинейского двойникования кварца песчаных пород.
|
| 606 |
1 |
|
|a Кварц
|x Минералогия
|2 stltpush
|3 (RuTPU)RU\TPU\subj\72305
|9 85867
|
| 610 |
1 |
|
|a песчаные породы
|
| 610 |
1 |
|
|a породообразующий кварц
|
| 610 |
1 |
|
|a типоморфные особенности
|
| 610 |
1 |
|
|a генетические типы
|
| 610 |
1 |
|
|a обломочный кварц
|
| 610 |
1 |
|
|a эволюция
|
| 610 |
1 |
|
|a фототаблицы
|
| 610 |
1 |
|
|a объяснения
|
| 675 |
|
|
|a 549.5
|v 3
|
| 700 |
|
1 |
|a Симанович
|b И. М.
|g Игорь Максимович
|
| 702 |
|
1 |
|a Пейве
|b А. В.
|c российский ученый
|c геолог
|c академик АН СССР
|f 1909-1985
|g Александр Вольдемарович
|2 stltpush
|3 (RuTPU)RU\TPU\pers\13360
|4 651
|9 4015
|
| 712 |
0 |
2 |
|a Академия наук СССР (АН СССР)
|b Геологический институт (ГИН)
|c (Москва)
|
| 801 |
|
1 |
|a RU
|b 63413507
|c 20150212
|
| 801 |
|
2 |
|a RU
|b 63413507
|c 20220808
|g RCR
|
| 942 |
|
|
|c BK
|